00791nam a22002057a 4500999001900000005001700019010001500036020002700051035001400078037001300092082001600105100002500121245009600146260004500242270006700287300002700354500004300381942003000424952013100454 c160041d16004120190114113601.0 aENG-124635 a9780199475032c1195.00 aEN-108167 bDBAD/PUB a305.4896914 aChakraborty, Paulomi aThe refugee worman:cby Paulomi Chakrabortybpartition of bengal, gender, andthe political/ aNew Delhi bOxford Univrsity Pressc2018 a2/11 Ground Floor, Ansari Road, Daryaganj,bNew Delhi e110002 axiv, 314p. c21cm.(Hb) aIt includes index and about the author 2ddccENmCHAh305.4896914 001040718NFICaDBADbBL1d2019-01-14eDBAD/PUBg1195.00l0o305.4896914 CHApEN-108167r2019-01-14 00:00:00t1v1195.00yEN